[Event "Bundesliga 0304"]
[Site "Germany"]
[Date "2004.03.07"]
[Round "10.3"]
[White "Papa, Severin"]
[Black "Lazarev, Vladimir"]
[Result "0-1"]
[WhiteElo "2401"]
[BlackElo "2526"]
[Annotator "Ribli,Z"]
[PlyCount "112"]
[EventDate "2003.11.01"]
[EventType "team-tourn"]
[EventRounds "15"]
[EventCountry "GER"]
[SourceTitle "CBM 100"]
[Source "ChessBase"]
[SourceDate "2004.06.01"]
[SourceVersion "1"]
[SourceVersionDate "2004.06.01"]
[SourceQuality "1"]
[WhiteTeam "Stuttgart"]
[BlackTeam "St Ingbert"]
[WhiteTeamCountry "GER"]
[BlackTeamCountry "GER"]

1. e4 c5 2. Nf3 Nc6 3. d4 cxd4 4. Nxd4 Qc7 5. Nc3 e6 6. Be3 a6 7. Qd2 {Diese
Spielweise ist besonders populär in der letzten Zeit. Weiß möchte lang
rochieren und mit f3 und g4 am Königsflügel angreifen.} Nf6 8. O-O-O Bb4 9. f3
Ne5 {Das ist die Hauptfortsetzung, aber 9...Na5 (die letzte Mode der Variante,
gern gespielt von Anand) und 9...Ne7 sind auch gut spielbar.} 10. Nb3 b5 11.
Kb1 {Nach diesem Wartezug ist die weiße Drohung 12.Nxb5. Weiß hat dieselbe
Idee nach 11.Qe1, wonach später Qg3 folgt. Die früher oft gespielte
Fortsetzung lautet 11.Bd4.} (11. Qe1 Be7 $5 12. Kb1 d6 13. Qf2 Rb8 (13... O-O
$5) 14. g4 b4 15. Ne2 a5 16. g5 Nfd7 17. Nbd4 Nc4 18. Bc1 Qc5 19. Qg1 Ndb6 {
1/2-1/2 Balogh,C-Portisch,L/Miskolc HUN 2004/(26)}) 11... Be7 12. Qf2 {Mit
diesem typischen Damezug verteidigt Weiß vorher den f3-Bauern, so dass nun g4
folgen kann. Die andere Idee des Zugs ist die Kontrolle über die Diagonale
g1-a7.} (12. Bd4 d6 13. Qf2 O-O 14. g4 Bb7) 12... d6 13. g4 O-O 14. Rg1 Nfd7
15. g5 b4 {Beide Spieler folgen der klassischen Strategie - Bauernsturm am
gegnerischen Köenigsflügel.} 16. Ne2 (16. Na4 $6 Nc4 $36 (16... Nxf3 $2 17.
Qxf3 Qc6 18. Nd4 Qxa4 19. b3 $18)) 16... Bb7 17. Ned4 Nc4 $146 {Das ist ein
natürlicher Springerzug, aber die Alternative 17...Nc5 scheint mir besser.} (
17... Nc5 $1 18. h4 d5 19. exd5 Bxd5 20. h5 Rac8 21. Bh3 Nxb3 22. axb3 Nxf3 23.
Rg3 Nxd4 24. Rxd4 f5 25. gxf6 Rxf6 26. Bf4 Qc5 {1/2-1/2 Lutz,C-Movsesian,S/
Bundesliga 2003 (50)}) 18. h4 {Mit diesem Zug lässt Weiß den Abtausch des Be3
zu, was eine ungewöhnliche Idee ist. Es wäre einfacher, den anderen Läufer zu
tauschen und den Angriff fortzusetzen.} (18. Bxc4 $1 Qxc4 19. Na5 (19. h4 $6 a5
$15) 19... Qc7 20. Nxb7 Qxb7 21. h4 $36) 18... Nxe3 19. Qxe3 Rac8 $13 {Schwarz
hat das Läuferpaar und droht jetzt 20...e5. Aber Weiß hat auch seine Chancen
am Königsflügel.} 20. Bd3 (20. h5 $4 e5 $19) 20... Nc5 (20... Ne5 21. f4 Nxd3
22. cxd3 $13) 21. f4 Rfe8 {Das ist ein gewöhnlicher Verteidigungszug, Schwarz
möchte 22...Bf8 ziehen.} 22. h5 Bf8 (22... e5 23. Nf5 $36) 23. g6 {[%mdl 128]
Das ist eine gut bekannte Angriffsmethode - Weiß hat noch keine konkrete
Drohungen, aber er hat Angriff und möchte die Linien am Königsflügel öffnen.}
Nxd3 24. cxd3 {[%cal Gd3e4] Auf diese Weise kann Weiß seine Zentrumstellung
verstärken.} (24. gxh7+ Kxh7 (24... Kh8 25. cxd3 e5 $13) 25. cxd3 e5 $13) 24...
e5 25. Nf5 {[%csl Gf5]} fxg6 26. hxg6 hxg6 $6 (26... h6 $142 $5 {Dieser Zug
sieht nicht schön aus, aber Schwarz hält so die Königstellung geschlossen.})
27. Nh4 $44 {[%cal Gh4g6] Natürlich wäre 27.Rxg6?? ganz schlecht wegen 27...
Qc2+. Jetzt hat Weiß starke Kompensation für den Bauern.} exf4 28. Qh3 $1 (28.
Qxf4 $6 d5 $17) 28... d5 (28... g5 29. Nf3 g4 30. Qxg4 $36 d5) 29. Nxg6 {
[%csl Gg6,Rg8,Gh3][%cal Gg1g8]} dxe4 (29... Bd6 30. Qh8+ Kf7 31. Qh5 Kg8 32.
Rh1 $40) 30. Qh8+ Kf7 31. Nxf8 $16 Qe5 $8 32. Nd7 $2 (32. Ng6 $1 Rxh8 33. Nxe5+
Kg8 34. Ng6 $18) {[#]} 32... Qxb2+ $1 {[%mdl 64] Dieses Damenopfer ist
erzwungen, aber schön.} 33. Kxb2 Rxh8 $132 {[%cal Rh8h2,Rh2b2]} 34. Ne5+ $2 {
Dieser Zug führt zu Vereinfachungen, wonach Weiß eine Stellung mit Mehrfigur
bekommt, aber dieses Springerschach ist nicht die beste Fortsetzung für Weiß,
weil sie dem Gegner hilft, seinen König zu aktivieren.} (34. Rdf1 $142) (34.
Ndc5 $142) 34... Ke6 35. Rxg7 Rh2+ 36. Kb1 Kxe5 37. Rxb7 Rcc2 $17 {[%csl Rb1,
Rb3,Ge4,Ge5,Gf4][%cal Rh2a2] Schwarz hat nur zwei Bauern für die Figur, droht
aber 38...Rb2+ 39.Ka1 Rxa2+ 40.Kb1 Rhb2+ (40...Rab2+) und 41...Rxb3 mit
Figurengewinn.} 38. Re7+ (38. Nc1 Rb2+ 39. Ka1 e3 $17) 38... Kf6 39. Rxe4 (39.
Re6+ Kxe6 (39... Kf7 40. Rxa6 e3 $13) 40. Nd4+ Ke5 41. Nxc2 e3 $17 {[%csl Ge3,
Ge5,Gf4]}) 39... Rb2+ 40. Ka1 Rxa2+ 41. Kb1 Rhb2+ 42. Kc1 Rc2+ (42... Rxb3) 43.
Kb1 Rcb2+ 44. Kc1 Rxb3 45. Rxf4+ Ke5 46. Rdf1 (46. Re4+ Kd5 $19) 46... Ra1+ 47.
Kd2 Rxf1 48. Rxf1 Ra3 $19 {[%csl Ga3,Ga6,Gb4] Gewöhnlich bedeutet ein
Mehrbauer im Turmendspiel keinen entscheidenden Vorteil, aber hier gewinnen
die zwei verbundenen Bauern mit der Unterstützung des Königs und Turms leicht.}
(48... a5 $2 49. Ra1 $11) 49. Kc2 a5 50. Rh1 Rc3+ 51. Kb2 Kd4 52. Rh5 a4 53.
Rb5 a3+ 54. Ka2 Rc2+ 55. Kb1 Rb2+ 56. Ka1 Kc3 {Wegen des d3-Bauern hat Weiß
keine Pattmotive.} 0-1

[Event "Bundesliga 0304"]
[Site "Germany"]
[Date "2004.04.25"]
[Round "15.1"]
[White "Almasi, Zoltan"]
[Black "Savchenko, Stanislav"]
[Result "1-0"]
[WhiteElo "2631"]
[BlackElo "2563"]
[Annotator "Ribli,Z"]
[PlyCount "39"]
[EventDate "2003.11.01"]
[EventType "team-tourn"]
[EventRounds "15"]
[EventCountry "GER"]
[SourceTitle "CBM 101"]
[Source "ChessBase"]
[SourceDate "2004.07.27"]
[SourceVersion "1"]
[SourceVersionDate "2004.07.27"]
[SourceQuality "1"]
[WhiteTeam "Kreuzberg"]
[BlackTeam "Hofheim"]
[WhiteTeamCountry "GER"]
[BlackTeamCountry "GER"]

1. e4 c5 2. Nf3 e6 3. d4 cxd4 4. Nxd4 Nc6 5. Nc3 Qc7 6. Be3 Nf6 {Dieser
Springerzug ist nicht schlecht - die Idee besteht darin, dass Schwarz den Zug
a7-a6 einsparen möchte -, aber die traditionelle Fortsetzung 6...a6 scheint
mir sicherer zu sein.} 7. Qd2 {Das ist eine Überraschung - obwohl die ganze
Variante mit 0-0-0 ist sehr populär in letzter Zeit ist, ist das die erste
Partie, in der Großmeister Almasi diesen Aufbau spielt. Die Alternative 7.Ndb5
kommt auch stark in Betracht.} Bb4 8. f3 Nxd4 {Schwarz strebt nach
Vereinfachungen, aber ich glaube, dass 8...a6 besser wäre.} (8... d5 9. a3 Bxc3
(9... Be7 10. exd5 Nxd5 11. Nxd5 exd5 12. Nb5 Qd8 13. Bf4 O-O 14. Nc7 Rb8 15.
Nxd5 Bd6 16. O-O-O {1-0 Bluvshtein,M-Szabo,K/Heraklio 2002/CBM 91 ext (51)})
10. Qxc3 a6 11. Nxc6 Qxc6 12. Qxc6+ bxc6 13. exd5 cxd5 14. Bc5 Bb7 15. O-O-O {
1-0 Sakelsek,T-Ljubicic,F/Opatija 2003/CBM 94 ext (55)}) (8... a6 $5 9. O-O-O
Ne5 {Auf diese Weise können wir - mit Zugumstellung - die Hauptvariante des
Systems Be3-Qd2 erreichen.}) 9. Qxd4 (9. Bxd4 e5 10. Be3 Bxc3 11. bxc3 O-O $13)
9... Bxc3+ 10. bxc3 (10. Qxc3 Qxc3+ 11. bxc3 d5 $11) 10... d5 $6 {Dieser Zug
gefällt mir nicht, da die Stellung nun geöffnet wird und das weiße Läuferpaar
aktiv wird. Besser wäre es, die Stellung entweder mit 10...b6 oder mit 10...
e5!? geschlossen zu halten.} (10... b6 11. Be2 (11. Bg5 e5 12. Qc4 Qc6) 11...
d5 12. e5 Nd7 13. f4 Bb7 14. O-O Rc8 15. Bd2 Qc5 16. Bd3 Nb8 17. a4 Ba6 {
1/2-1/2 Arakhamia Grant,K-Lakos,N/Bled 2002/EXT 2003 (44)}) (10... e5 $5 11.
Qc4 Qc6 12. Rd1 b6 13. Bg5 Bb7 14. Qxc6 Bxc6 15. Bc4 Rc8) 11. exd5 exd5 (11...
O-O 12. d6 Qc6 13. c4 b6 14. Bd3 Ba6 15. Bg5 Nd7 16. Be4 Qa4 17. Bxa8 Rxa8 18.
O-O {1-0 Graf,A-Potkin,V/Batumi 2002/CBM 90 (48)}) (11... Nxd5 $2 12. Qxg7 Rf8
(12... Qxc3+ 13. Qxc3 Nxc3 14. Bd4 $18) 13. Bh6 $18) 12. Bd3 $14 {[%csl Gd3,
Ge3] Das weiße Läuferpaar kontrolliert die wichtigsten Punkte und der c3P ist
nicht schwach.} O-O 13. O-O Be6 (13... Re8 14. Rae1 $14) 14. Qh4 $16 {[%csl
Gd3,Ge3,Rg8,Gh4][%cal Ge3d4,Gd4g7,Gd3h7][%mdl 2048] Weiß hat ausgezeichnetes
Figurenspiel. Mit Be3-d4 bekommt er deutlichen Vorteil.} Rfe8 (14... Qxc3 $2
15. Bd4 Qb4 16. Rab1 $18 (16. Bxf6 $18)) 15. Bd4 Qe7 16. Rae1 $1 {[%cal Ge1e7]}
(16. Bxf6 Qxf6 17. Qxh7+ Kf8 $14) 16... h6 17. Bb5 Rec8 18. f4 {[%mdl 128]
Schwarz ist hilflos gegen die vielseitigen Drohungen.} Qc7 (18... a6 19. f5 $1
axb5 20. fxe6 fxe6 21. Rxf6 (21. Bxf6 gxf6 22. Rxf6 Qg7 23. Rexe6 $18) 21...
gxf6 22. Bxf6 Qf7 (22... Qh7 23. Qg4+ Kf8 24. Rf1 $18) 23. Qxh6 Qh7 24. Qg5+
Kf8 25. Bd4 $18) 19. f5 $18 Bd7 20. Bxd7 (20. Bxd7 Qxd7 (20... Nxd7 21. Qg4 $18
) 21. Bxf6 gxf6 22. Qxh6 $18 (22. Re3 $18)) 1-0

[Event "St Petersburg-ch"]
[Site "St Petersburg"]
[Date "1996.??.??"]
[Round "7"]
[White "Orlov, Vassily"]
[Black "Yemelin, Vasily"]
[Result "1/2-1/2"]
[WhiteElo "2430"]
[BlackElo "2460"]
[Annotator "Ribli,Z"]
[PlyCount "56"]
[EventDate "1996.04.??"]
[EventType "tourn"]
[EventRounds "13"]
[EventCountry "RUS"]
[EventCategory "11"]
[SourceTitle "CBM 056"]
[Source "ChessBase"]
[SourceDate "1997.02.01"]
[SourceVersion "1"]
[SourceVersionDate "1997.02.01"]
[SourceQuality "1"]

1. e4 c5 2. Nf3 e6 3. d4 cxd4 4. Nxd4 Nc6 5. Nc3 Qc7 6. Be3 a6 7. Bd3 Nf6 8.
O-O Ne5 9. Bf4 {Eine seltene Fortsetzung. Die Hauptvariante ist} (9. h3 Bc5 10.
Kh1 d6 11. f4) 9... d6 10. Bg3 b5 11. a3 Bb7 12. Qe2 Rc8 13. Kh1 {Orlov hatte
eine ähnliche Stellung gegen Taimanow in der 3.Runde.} (13. f4 Qb6 14. Bf2 (14.
fxe5 Qxd4+ (14... dxe5 15. Bxe5 Bc5 16. Kh1 Bxd4 17. Bxd4 Qxd4 18. e5 Ng4 19.
Rad1 $5 (19. Rae1 Rc5 20. Be4)) 15. Bf2 (15. Kh1 dxe5 16. Rad1 Qc5) 15... Qxe5)
14... Neg4) 13... Be7 14. f4 Nc4 15. b4 {Eine überraschender Zug. Jetzt hat
Schwarz die Kontrolle über das Feld c4 bis zum Ende der Partie.} Nb2 (15... O-O
$5 16. Ndxb5 (16. e5 Nd5 17. Ndxb5 axb5 18. Nxb5 Qb6 19. Bxc4 Rxc4 20. Qxc4 Ne3
) 16... axb5 17. Nxb5 Qb6 18. Bxc4 Nxe4 $44) 16. Nd1 Nxd1 17. Raxd1 O-O $13 18.
e5 dxe5 19. fxe5 Nd5 20. Qh5 g6 21. Qh6 Nc3 $1 {Schwarz muss die Diagonale
a8-h1 öffnen und auch die d-Linie.} 22. Rde1 Qd8 $1 23. Nf3 Bxf3 24. Rxf3 Bg5
25. Qh3 {Jetzt hat Weiss keinen Angriff mehr am Königsflügel, aber mit zwei
Läufern kann er seine Stellung halten.} Nd5 (25... a5) (25... Bd2 26. Ref1 Qg5
27. Bf2 Qxe5 28. Bc5 Rxc5 29. bxc5 Qxc5) 26. Bf2 Bd2 (26... Nf4 27. Qg3 Nxd3
28. Rxd3 Qe7 29. Bc5) 27. Rf1 Qg5 28. Qg3 Qxg3 {Und remis gegeben.} (28... Qxg3
29. hxg3 Bc3 (29... Rfd8 30. Bc5 Rd7 31. c4) (29... f5 30. exf6 Rxf6 31. Bc5)
30. Bc5) 1/2-1/2

[Event "Beijing zt 3.3"]
[Site "Beijing"]
[Date "2005.10.22"]
[Round "4"]
[White "Wang, Hao"]
[Black "Wu, Wenjin"]
[Result "1-0"]
[WhiteElo "2519"]
[BlackElo "2523"]
[Annotator "Ribli,Z"]
[PlyCount "63"]
[EventDate "2005.10.20"]
[EventType "tourn"]
[EventRounds "9"]
[EventCountry "CHN"]
[EventCategory "10"]
[SourceTitle "CBM 110"]
[Source "ChessBase"]
[SourceDate "2006.01.31"]
[SourceVersion "1"]
[SourceVersionDate "2006.01.31"]
[SourceQuality "1"]

1. e4 c5 2. Nf3 e6 3. d4 cxd4 4. Nxd4 Nc6 5. Nc3 Qc7 6. Be3 a6 7. Qd2 Nf6 8.
O-O-O b5 (8... Bb4 $5) 9. Bf4 (9. Nxc6 Qxc6 10. f3 Bb7 11. g4 (11. Kb1 Rc8 12.
Bd4 Bc5 13. g4 Bxd4 14. Qxd4 Qc5 15. Qd2 b4 16. Na4 Qc6 17. b3 O-O {1/2-1/2
Kobalija,M-Oral,T/Varadero 2000/CBM 77 (34)}) 11... b4 12. Ne2 d5 13. e5 Nd7
14. Bd4 a5 15. Kb1 Bc5 16. Bxc5 Qxc5 17. f4 O-O 18. Nd4 a4 19. h4 Rfc8 {
1/2-1/2 Kobalija,M-Stefansson,H/Varadero 2000/CBM 77(41)}) 9... Qb6 10. Nxc6 (
10. e5 Qxd4 11. Qxd4 Nxd4 12. Rxd4 Ng4 $132) (10. Nb3 Ng4 11. h3 $5 Nge5 12.
Kb1 d6 13. Be3 Qb7 14. Ka1 Rb8 15. Nd4 Bd7 (15... Na5 16. f4 Nec4 17. Bxc4 Nxc4
18. Qd3 Nxe3 19. Qxe3 Be7 20. g4 {1-0 Cheparinov,I-Nikolov,S/Pleven 2005/CBM
106 ext (38)}) 16. f4 Nc4 17. Bxc4 bxc4 18. Rb1 Be7 19. g4 O-O 20. Nde2 {
1-0 Anand,V-Oral,T/Germany 2005/CBM 106 (48)}) 10... Qxc6 (10... dxc6 11. e5 (
11. Bd6 Bxd6 12. Qxd6 Ra7 13. Qg3 O-O 14. e5 Nd5 15. Ne4 Kh8 16. Qh4 (16. h4 $5
) 16... c5 17. c4 Ne7 18. Nd6 Nf5 19. Qf4 Qa5 20. Kb1 Nxd6 21. exd6 Rd7 22. h4
Bb7 $11 {1-0 Gashimov,V-Mastrovasilis,D/Nakhchivan 2003/(51)}) (11. Bd3 $5)
11... Nd5 12. Ne4 {[%csl Yd6][%cal Ge4d6]} Ra7 $1 {[%csl Ga7][%cal Ga7d7]} 13.
h4 Rd7 14. Bg3 c5 15. h5 h6 {1-0 Shirov,A-Movsesian,S/Sarajevo 2005/CBM 108/
[Ribli Zoltan] (40)}) 11. f3 {Weiß verteidigt den e4-Bauern, was ist in dieser
Variante der Zielpunkt des schwarze Gegenspiels.} Bb7 (11... Bb4 12. Be5 (12.
Bd6 Bxd6 13. Qxd6 Qxd6 14. Rxd6 Ke7 $11)) 12. Ne2 $5 {[%cal Ge2d4][%mdl 4]
Weiß wartet nicht auf b5-b4, sondern der c3-Springer geht weg, um das Feld d4
zu erreichen.} Rc8 13. Nd4 Qb6 14. g4 h6 {Schwarz verteidigt sich gegen 15.g5,
aber der große Nachteil des Textzuges ist die Möglichkeit von h2-h4, der den
schwarzen Königflügel verschlechtert.} (14... d5 15. e5) (14... Be7) 15. Kb1
Be7 16. h4 d6 (16... d5 17. e5 $14) 17. Be3 {[%cal Ge3b6]} Qc7 18. Bh3 $1 $40 {
[%csl Ye6][%cal Gh3e6] Die weiße Drohung ist nun 19.g5.} Nd7 19. g5 hxg5 {[#]}
20. Bxe6 $1 {[%mdl 512] Ein starker Zwischenzug: Weiß opfert die Figur und
bekommt nachhaltige Initiative.} (20. hxg5) 20... fxe6 21. Nxe6 {[%csl Ge6,Re8]
[%cal Re6c7,Re6g7,Rg7e8]} Qc6 22. Nxg7+ Kf7 23. Bxg5 Kxg7 (23... Bxg5 24. Qxg5
Qxc2+ 25. Ka1 $18) (23... Qxc2+ 24. Qxc2 Rxc2 25. Kxc2 Bxg5 26. hxg5 Rxh1 27.
Rxh1 Kxg7 28. Rh6 $18) 24. Bxe7 {[%csl Rd6]} Kf7 25. Bxd6 $18 {[%csl Rf7] Weiß
hat vier Mehrbauern für die Figur und aussichtsreichen Angriff, darüber hinaus
kontroliert er souverän die schwarzen Felder.} Rcg8 26. h5 {[%csl Gh5]} Ke8 27.
h6 Rh7 28. e5 Rg6 (28... Qxf3 29. e6 $18) 29. e6 Rxe6 30. Rhe1 Nf8 (30... Rxe1
31. Rxe1+ Kd8 32. Qg5+ $18) (30... Qd5 31. Qc3 Qf5 32. Qc7 $18) 31. Bxf8 Kxf8
32. Qd8+ (32. Qd8+ Qe8 (32... Re8 33. Rxe8+ Qxe8 34. Qf6+ Rf7 35. Qh8+ Ke7 36.
Re1+ $18) 33. Rxe6 $18) 1-0

[Event "FRA-ch Prelim Gr-A"]
[Site "Besancon"]
[Date "1999.08.21"]
[Round "6"]
[White "Degraeve, Jean Marc"]
[Black "Marciano, David"]
[Result "0-1"]
[WhiteElo "2542"]
[BlackElo "2529"]
[Annotator "Ribli,Z"]
[PlyCount "74"]
[EventDate "1999.08.16"]
[EventType "tourn"]
[EventRounds "7"]
[EventCountry "FRA"]
[EventCategory "11"]
[SourceTitle "CBM 073"]
[Source "ChessBase"]
[SourceDate "1999.12.01"]
[SourceVersion "1"]
[SourceVersionDate "1999.12.01"]
[SourceQuality "1"]

{[%mdl 2112]} 1. e4 c5 2. Nf3 e6 3. d4 cxd4 4. Nxd4 Nc6 5. Nc3 Qc7 6. Be3 a6 7.
Bd3 {Diese prinzipielle Variante ist in letzter Zeit sehr beliebt. Ribli.} b5 (
7... Nf6) 8. Nxc6 Qxc6 9. Qe2 (9. O-O $5 {Diese Fortsetzung scheint mir
natürlicher als die Partiefortsetzung.}) 9... Nf6 (9... b4 10. Nd1 Bb7 11. O-O
Nf6 12. f3 d5 13. e5 Nd7 14. f4 Be7 15. Rf3 Nc5 16. Nf2 Nxd3 17. Qxd3 Rc8 18.
Rc1 Qc4 {0-1 Ree-Mecking/Wijk aan Zee 1971/Inf 11 (36)}) (9... Bb7 10. O-O-O b4
11. Nb5 Nf6 12. Nd4 Qc7 13. f4 Nxe4 14. f5 Nc5 15. Rhe1 Be7 16. Qg4 Bf6 17. Bg5
O-O-O 18. Bxf6 gxf6 {0-1 Janetschek,K-Quinteros,M/Haifa 1976/MCD-ol (38)}) (
9... Ba3 10. Nd1 (10. Bc1 Bb7 11. O-O Be7 $11) 10... Be7 (10... Bxb2 11. Nxb2
Qc3+ 12. Qd2 Qxb2 13. O-O $44) 11. Bd4 Nf6 12. e5 Nd5 13. Be4 Bb7 14. c3 Qc7
15. a4 O-O 16. axb5 axb5 17. Rxa8 Bxa8 18. O-O Nf4 {1/2-1/2 Otero,D-Franco
Ocampo,Z/Capablanca mem Premier I, Havana CUB 1999 (18)}) 10. a3 Bb7 11. f3 {
Mit dieser Fortsetzung bereitet Weiss den Zug 12.e5 vor.} (11. O-O) 11... Qc7
12. O-O Bc5 $11 {Schwarz hat keine Eröffnungsprobleme und gutes Figurenspiel.}
(12... Bd6 13. f4 (13. g4 Bf4 $11 (13... Be5 $11)) 13... e5 14. f5 Bc5 $11) 13.
Kh1 Bxe3 14. Qxe3 O-O 15. f4 (15. Rad1 Rad8 $11) (15. e5 Nd5 16. Qe4 f5 $11)
15... e5 {Schwarz blockiert den weissen d3-Läufer und kontrolliert das Feld e5.
} 16. fxe5 (16. Rae1 Rae8 $11) (16. Qf3 exf4 17. Qxf4 Qxf4 18. Rxf4 Rfe8 $11) (
16. f5 Rfe8 $11 (16... d5 $11)) (16. Qg3 $2 Nh5 $17 {[%cal Rh5g3,Rh5f4]}) 16...
Ng4 {[%cal Gg4e3,Gg4e5]} 17. Qg3 Nxe5 {[%csl Ge5] Schwarz hat eine
ausgezeichnete Springerstellung auf e5 und eine bequeme Stellung. Der
b7-Läufer kontrolliert immer den Punkt d5, aber anderseits hat Weiss etwas
Initiative am Königsflügel.} 18. Rf5 (18. Nd5 Bxd5 19. exd5 d6 $15 {[%csl Ge5]}
) 18... d6 19. Ne2 (19. Raf1 Rae8 $11) 19... Rae8 20. Raf1 (20. Nf4 Ng6 $11)
20... Ng6 21. Nc3 {Weiss hat nichts anderes. Der Springer muss den e4-Bauern
verteidigen.} Ne5 22. Rh5 Nxd3 {Eine schwere strategische Entscheidung.
Schwarz tauscht den starken e5-Springer gegen den passiven weissen Läufer.} (
22... Qd7 $11) (22... Re6 $6 23. Nd5 $36) 23. cxd3 Re5 24. Rh4 Re7 {Schwarz
verteidigt die Dame und bereitet eventuelles ...d6-d5 vor.} 25. Rf5 (25. Rg4 f6
$11) (25. Rhf4 Qd7 $11) (25. Rh5 $11) 25... Re5 26. Rff4 $6 {Ich glaube es
wäre besser, die genügsame Fortsetzung 26.Rf1 zu wählen.} (26. Rf1 $11) 26...
Qe7 (26... f5 $5 27. Rh5 (27. Qh3 $2 g5 $19 {[%cal Rg5f4,Rg5h4]}) 27... fxe4
28. Rxf8+ Kxf8 29. Rxe5 (29. Rxh7 Rf5 $17) 29... dxe5 30. dxe4 Qc4 $15) 27. Rf1
(27. Rhg4 $2 f5 $17) 27... d5 {Die schwarze Stellung ist gesund, aber Weiss
hat aktives Figurenspiel am Königsflügel.} 28. d4 $5 $13 (28. Qh3 Bc8 (28... h6
29. d4 $14) 29. g4 h5 $1 30. Nxd5 (30. Rxh5 Rxh5 31. Qxh5 dxe4 $44) 30... Rxd5
31. exd5 Bxg4 32. Rxg4 (32. Qg3 f5 33. h3 g5 {[%csl Rh4]} 34. Rxg4 fxg4 $11)
32... hxg4 33. Qxg4 Rd8 $11) 28... Rg5 29. Qh3 Bc8 (29... h6 30. e5 $14) 30.
Qe3 $6 (30. Qf3 dxe4 (30... Rxg2 $4 31. Qh5 $18) 31. Rxe4 (31. Nxe4 Rf5 32. Rf4
Rxf4 33. Qxf4 Rd8 $11) 31... Qd8 $11) {[#]} 30... Rxg2 $1 $15 31. Rh5 (31. Rhf4
Rg5 $17 {[%cal Ge7e3]}) (31. Rxh7 Kxh7 32. Kxg2 dxe4 $17) (31. Kxg2 Qxh4 32.
Nxd5 Bb7 $36) 31... Rg4 (31... Rxb2 32. Nxd5 Qe6 $17) 32. Re5 (32. Rxd5 $5 f6
$15 (32... f5 33. Qf3 (33. Re5 $2 fxe4 $1 $17) 33... Bb7 34. Re5 Qf6 35. Qxg4
Qxe5 36. dxe5 fxg4 37. Rd1 $11)) 32... Qd6 33. Nxd5 (33. Rxd5 Qg6 34. Re5 Be6
35. d5 Bd7 $15) 33... f6 $1 $17 34. Rh5 $2 (34. Qb3 Kh8 $17) (34. Ne7+ Kh8 35.
h3 (35. Nxc8 $2 fxe5 $1 $19) (35. Nf5 $2 fxe5 $1 $19) 35... Rh4 36. Nxc8 (36.
Nf5 fxe5 $1 37. Nxd6 Rxf1+ 38. Kg2 Bxh3+ 39. Kg3 Rhf4 40. dxe5 g5 $1 $17) 36...
Rxc8 37. Ref5 Rc2 $17 {[%csl Gc2]}) 34... f5 $1 35. Qb3 {[%cal Gb3g8]} Be6 $19
{[%cal Ge6b3] Weiss kann den Bauern e4 nicht mehr halten und seine Stellung
zerfällt.} 36. Qf3 (36. Rhxf5 Rxf5 37. Rxf5 Rxe4 38. Qg3 (38. Rg5 Rxd4 39. Nf6+
Kh8 $19) 38... Bxd5 (38... Qxg3 $4 39. Ne7+ Kh8 40. Rf8+ $18) 39. Qxd6 Re1#)
36... Rxe4 {[%csl Gd4,Gd5] Es hängen d4 und d5. Weiss verliert weiteres
Material.} 37. Ne3 g6 {Und Weiss gab in hoffnungsloser Stellung auf. Er
verliert den d4-Bauern.} 0-1